Lilo & Stitch - Personnages [avec image] - Statistiques

Statistiques générales
  • Ce quiz a été pris 126 fois
  • Le résultat moyen est 5 sur 12
Statistiques - réponses
Par images Réponse % Correct
Lilo Pelekaï
100%
Stitch
98%
Nani Pelekaï
65%
Professeur Jumba Jookiba
57%
Wendy Pikly
42%
David Kawena
40%
Cobra Bubbles
39%
Capitaine Gantu
30%
Mildred Pearl "Mertle" Edmonds
11%
Elena, Teresa et Yuki
5%
Moses Puloki
5%
Susan Hegarty
4%
Aucun quiz correspondant
Distribution des résultats
% des personnes avec chaque résultat
Percentile par nombre de réponses
Votre historique - résultats
Vous n’avez pas pris ce quiz